Every Track CART/CCWS Raced At - Statistics

General Stats
  • This quiz has been taken 57 times
  • The average score is 40 of 52
Answer Stats
Year(s) Active State Answer % Correct
1980-1981, 2002-2007 Mexico Autodromo Hermanos Rodriguez
97%
2004-2005 NV Las Vegas Motor Speedway
97%
2007 NV Las Vegas Street Circuit
97%
1979, 1981-1983 GA Atlanta Motor Speedway
91%
2003 England Brands Hatch Circuit
91%
1979-1980, 1983-1995 IN Indianapolis Motor Speedway
91%
1979-1995 AZ Phoenix Raceway
91%
1995 FL Bicentennial Park
88%
2007 Belgium Circuit Zolder
88%
1989-1991 MI Detroit Street Circuit
88%
1984-2007 CA Long Beach Street Circuit
88%
2002-2003 FL Miami Bayfront Street Circuit
88%
1979-2001 MI Michigan International Speedway
88%
1980, 1983-2003 OH Mid-Ohio Sports Car Course
88%
1980, 1982-1989 PA Pocono Raceway
88%
1985-1988 FL Tamiami Park
88%
1999-2002 IL Chicago Motor Speedway
84%
1984-2007 OR Portland International Raceway
84%
1998-2001 TX Streets Of Houston
84%
1997-2002 CA Auto Club Speedway
81%
1982-2007 OH Burke Lakefront Airport
81%
2001-2005 Canada Exhibition Place
81%
1983-2004 CA Laguna Seca
81%
1980-2006 WI Milwaukee Mile
81%
1990-1991, 2002-2006 CO Streets Of Denver
81%
1991-2007 Australia Surfers Paradise Street Circuit
81%
1996-2000 FL Homestead-Miami Speedway
78%
1992-1995 NH New Hampshire Motor Speedway
78%
1982-2004, 2006-2007 WI Road America
78%
2001-2002 England Rockingham Motor Speedway
78%
1998-2002 Japan Twin Ring Motegi Superspeedway
78%
1979-1981 NY Watkins Glen International
78%
2005-2007 Canada Edmonton City Centre Airport
75%
2001, 2003 Germany EuroSpeedway Lausitz
75%
1987-2001 PA Nazareth Speedway
75%
1990-2004 Canada Pacific Place
75%
1992-2001 MI The Raceway at Belle Isle
75%
1996-2000 Brazil Autodromo Nelson Piquet
72%
2005-2007 CA Streets Of San Jose
69%
2003 FL Streets Of St. Petersburg
69%
2007 Canada Circuit Mont-Tremblant
66%
2007 Netherlands TT Circuit Assen
66%
2002-2006 Canada Circuit Gilles Villeneuve
59%
1981-1983 CA Riverside International Raceway
59%
1983-1984 NV Caesars Palace
56%
1997-2000 IL World Wide Technology Raceway at Gateway
56%
1984-1991 NJ Meadowlands Sports Complex
53%
2001-2006 Mexico Parque Fundidora
50%
1979-1980 CA Ontario Motor Speedway
47%
1979 NJ Trenton Speedway
44%
2006-2007 TX NRG Park Stadium Circuit
41%
1984-1986 Canada Sanair Super Speedway
41%
No matching quizzes found
Score Distribution
Percent of People with Each Score
Percentile by Number Answered
Your Score History
You have not taken this quiz